000 01496naa a22003977a 4500
001 BR8003188
003 BR-BrBNA
005 20240918174609.0
007 ta
008 230509b bl.||||| |||| 00| 0 por d
040 _aBR-BrBNA
_bpor
_cBiblioteca Nacional de Agricultura
041 _a(Pt)
072 _aH10; H20; H00
_b1000
_b4030
_b4120
_b4560
_bG514
090 _aH10 BR8003188
100 1 _aSartori, S.
100 1 _aFava, J.F.M.
100 1 _aHonda, A.I.
111 1 _a9. Congresso Brasileiro de Engenharia Agricola
_cCampina Grande, PB (Brazil)
_d24 Jul 1979
245 1 _aDesenvolvimento de atomizador tratorizado a baixo volume para citrus [Fruta citrica; Acaro; Ferrugem; Phyllocoptruta oleivora; Verrugose; Fungo; Elsinoe australis; Controle quimico; Pulverizacao; Brasil]
260 3 _aCampina Grande, PB (Brasil):
_c1980.
500 _aAnais do 9. Congresso Brasileiro de Engenharia Agricola Campina Grande, PB (Brasil): 1980. v. 1 p. 169-178 (BR8003188-AM)H10
650 _aPraga de planta
650 _aDoenca de planta
650 _aDefesa vegetal
650 _aFruta citrica
650 _aAcaro
650 _aFerrugem
650 _aVerrugose
650 _aFungo
650 _aAtomizador
650 _aControle quimico
650 _aPulverizacao
773 0 _tAnais do 9. Congresso Brasileiro de Engenharia Agricola
_wH10 BR8003188
_gCampina Grande, PB (Brasil), 1980. v. 1 p. 169-178
909 _a202404
_bLucia
_c55
_dLucia Elande
942 _cAM
_2AGRIS
999 _c312246
_d312246